[Event "Kandidatklassen"]
[Site "Svendborg"]
[Date "2018.03.28"]
[Round "2"]
[White "Skaarup, Kasper"]
[Black "Jaksland, Tim"]
[Result "1/2-1/2"]
[WhiteElo "1903"]
[BlackElo "2168"]
[PlyCount "56"]
[EventDate "2018.03.27"]
[EventType "swiss"]
[EventRounds "7"]
[EventCountry "DEN"]

1. d4 Nf6 2. Bg5 Ne4 3. Bf4 c5 4. f3 Qa5+ 5. c3 Nf6 6. d5 e6 7. dxe6 fxe6 8. e4
d5 9. Na3 a6 10. exd5 exd5 11. Qe2+ Be7 12. O-O-O Nc6 13. g4 O-O 14. Be5 Qd8
15. Bg2 Nxe5 16. Qxe5 Bd6 17. Qg5 Be6 18. Ne2 Qc7 19. Kb1 Rae8 20. Qd2 Kh8 21.
h3 Rd8 22. f4 Bg8 23. Rhf1 Ne4 24. Bxe4 dxe4 25. f5 b5 26. Nc2 a5 27. Qg5 Be7
28. Qf4 Qxf4 1/2-1/2

[Event "Kandidatklassen"]
[Site "Svendborg"]
[Date "2018.03.28"]
[Round "2"]
[White "Thybo, Thomas Sondergaard"]
[Black "Madsen, Michael B"]
[Result "1-0"]
[WhiteElo "2071"]
[BlackElo "2057"]
[PlyCount "41"]
[EventDate "2018.03.27"]
[EventType "swiss"]
[EventRounds "7"]
[EventCountry "DEN"]

1. e4 e5 2. Nf3 Nc6 3. Bb5 Nf6 4. O-O Nxe4 5. Re1 Nd6 6. Nxe5 Nxe5 7. Rxe5+ Be7
8. Bd3 Kf8 9. Nc3 Bf6 10. Re3 b6 11. b3 Bd4 12. Rh3 Bb7 13. Qg4 Qf6 14. Qg3
Bxc3 15. dxc3 Qxc3 16. Rb1 Qe1+ 17. Bf1 Re8 18. Bb2 Qe6 19. Bxg7+ Kg8 20. Bf6+
Kf8 21. Qg7# 1-0

[Event "Kandidatklassen"]
[Site "Svendborg"]
[Date "2018.03.28"]
[Round "2"]
[White "Aabling Thomsen, Jakob"]
[Black "Kistrup, Nicolai"]
[Result "1-0"]
[WhiteElo "2360"]
[BlackElo "2004"]
[PlyCount "61"]
[EventDate "2018.03.27"]
[EventType "swiss"]
[EventRounds "7"]
[EventCountry "DEN"]

1. e4 e5 2. Nf3 Nc6 3. d4 exd4 4. Nxd4 Bc5 5. Nb3 Bb6 6. Nc3 Nge7 7. Bf4 d6 8.
Qd2 Be6 9. O-O-O Qd7 10. Nd5 Ne5 11. Be3 Bxd5 12. exd5 Bxe3 13. Qxe3 Ng4 14.
Qg3 O-O 15. Bd3 Nf6 16. c4 Qa4 17. Kb1 b5 18. Rc1 bxc4 19. Rxc4 Qd7 20. Qf3
Nexd5 21. g4 Nb6 22. Rd4 h6 23. h4 Qe6 24. g5 Nfd5 25. gxh6 gxh6 26. Rg4+ Kh8
27. Nd4 Qf6 28. Qe4 Qg6 29. Rxg6 fxg6 30. Qxg6 Nf6 31. Rg1 1-0

[Event "Kandidatklassen"]
[Site "Svendborg"]
[Date "2018.03.28"]
[Round "2"]
[White "Stentebjerg Hansen, Per"]
[Black "Easwaralingam, Adesh"]
[Result "1/2-1/2"]
[WhiteElo "2273"]
[BlackElo "1991"]
[PlyCount "96"]
[EventDate "2018.03.27"]
[EventType "swiss"]
[EventRounds "7"]
[EventCountry "DEN"]

1. d4 Nf6 2. g3 e6 3. Bg2 d5 4. Nf3 Be7 5. O-O O-O 6. c4 c6 7. Qc2 b6 8. Nbd2
Nbd7 9. b3 Bb7 10. Bb2 Rc8 11. Rac1 c5 12. e3 cxd4 13. exd4 Qc7 14. Qd3 Qb8 15.
Qe3 dxc4 16. bxc4 Qa8 17. Rfd1 Bb4 18. Bf1 Rfd8 19. Bd3 h6 20. a3 Bxd2 21. Nxd2
Bc6 22. Re1 Nf8 23. f3 N8h7 24. Ne4 Nxe4 25. fxe4 Re8 26. h4 Nf8 27. Rc2 Ba4
28. Rf2 Bb3 29. Rc1 Re7 30. Bf1 Ba4 31. Re1 Nd7 32. Qf4 e5 33. dxe5 Nc5 34. Rd2
Rd8 35. Rd5 Bc6 36. Red1 Rde8 37. Bh3 Ba4 38. R1d2 Bc6 39. Bf5 Nb3 40. Rd1 Nc5
41. Bh3 Qb7 42. Bg2 Qa6 43. Bf1 Qa4 44. R1d2 Nb3 45. Rf2 Nc5 46. Rfd2 Nb3 47.
Rf2 Nc5 48. Rfd2 Nb3 1/2-1/2

[Event "Kandidatklassen"]
[Site "Svendborg"]
[Date "2018.03.28"]
[Round "2"]
[White "Moe, Mogens"]
[Black "Jacobsen, Mikkel Manosri"]
[Result "0-1"]
[WhiteElo "2218"]
[BlackElo "2162"]
[PlyCount "96"]
[EventDate "2018.03.27"]
[EventType "swiss"]
[EventRounds "7"]
[EventCountry "DEN"]

1. e4 c6 2. d4 d5 3. exd5 cxd5 4. c4 Nf6 5. Nc3 Nc6 6. Bg5 Be6 7. c5 Ne4 8. Be3
Nxc5 9. dxc5 d4 10. Bxd4 Qxd4 11. Qxd4 Nxd4 12. O-O-O O-O-O 13. Nge2 Nc6 14.
Rxd8+ Kxd8 15. Nf4 Bd7 16. Bc4 g6 17. Nd3 Bh6+ 18. Kb1 Kc8 19. f3 Rd8 20. Rd1
Bf5 21. Ka1 Be3 22. g4 Bxd3 23. Rxd3 Rxd3 24. Bxd3 Bxc5 25. Be2 Bg1 26. h3 Nd4
27. Bd1 Ne6 28. Nd5 Kd7 29. f4 Nd4 30. Nc3 Be3 31. Ne2 Nxe2 32. Bxe2 Bxf4 33.
Kb1 Kd6 34. Kc2 Ke5 35. Kd3 Bc1 36. b4 Kf4 37. h4 e5 38. a4 f5 39. gxf5 gxf5
40. h5 e4+ 41. Kc2 Ke3 42. Bc4 Bd2 43. b5 h6 44. Kd1 Ba5 45. Bd5 b6 46. Bc4 f4
47. Bf1 Kf2 48. Bc4 f3 0-1

[Event "Kandidatklassen"]
[Site "Svendborg"]
[Date "2018.03.28"]
[Round "2"]
[White "Hartung Nielsen, Jens"]
[Black "Rostgaard, Tobias Valentin"]
[Result "0-1"]
[WhiteElo "2204"]
[BlackElo "2335"]
[PlyCount "64"]
[EventDate "2018.03.27"]
[EventType "swiss"]
[EventRounds "7"]
[EventCountry "DEN"]

1. e4 e5 2. Nf3 Nc6 3. Nc3 Nf6 4. Bb5 Bd6 5. O-O O-O 6. d3 h6 7. h3 Re8 8. Nh2
Nd4 9. Bc4 c6 10. a4 Bc5 11. Ne2 d5 12. Nxd4 dxc4 13. Nf5 Bxf5 14. exf5 cxd3
15. cxd3 Qd7 16. Qc2 Bf8 17. g4 Rad8 18. Rd1 e4 19. d4 Nd5 20. Nf1 Bd6 21. Qb3
Qe7 22. Ne3 h5 23. Nxd5 cxd5 24. Kg2 Qh4 25. g5 Bf4 26. g6 e3 27. Bxe3 Rxe3 28.
gxf7+ Kxf7 29. fxe3 Qg3+ 30. Kf1 Qf3+ 31. Ke1 Bxe3 32. Rd3 Re8 0-1

[Event "Kandidatklassen"]
[Site "Svendborg"]
[Date "2018.03.28"]
[Round "2"]
[White "Brondt, Nicolai Kvist"]
[Black "Petersen, Steen"]
[Result "1/2-1/2"]
[WhiteElo "2180"]
[BlackElo "2122"]
[PlyCount "88"]
[EventDate "2018.03.27"]
[EventType "swiss"]
[EventRounds "7"]
[EventCountry "DEN"]

1. c4 e5 2. e3 Nf6 3. Nc3 Nc6 4. a3 Be7 5. Nf3 O-O 6. d4 d6 7. Be2 a5 8. O-O
Re8 9. d5 Nb8 10. c5 e4 11. cxd6 Bxd6 12. Nd4 c6 13. dxc6 bxc6 14. Qc2 Qe7 15.
Rd1 Qe5 16. f4 exf3 17. Nxf3 Qe7 18. Na4 Bg4 19. Nb6 Ra7 20. Nc4 Bc5 21. Bd2
Nd5 22. Kh1 Bxe3 23. Nxe3 Nxe3 24. Bxe3 Qxe3 25. h3 Rae7 26. Ng5 Qxg5 27. Bxg4
h5 28. Bf3 h4 29. Qc4 Qg3 30. Rf1 Re1 31. Bh5 Rxa1 32. Qxf7+ Kh7 33. Rxa1 Re1+
34. Rxe1 Qxe1+ 35. Kh2 Qe5+ 36. Kg1 Qe1+ 37. Qf1 Qe3+ 38. Kh1 Kh6 39. Bg4 c5
40. Qb5 Qe1+ 41. Kh2 Qg3+ 42. Kh1 Qe1+ 43. Kh2 Qg3+ 44. Kh1 Qe1+ 1/2-1/2

[Event "Kandidatklassen"]
[Site "Svendborg"]
[Date "2018.03.28"]
[Round "2"]
[White "Miqueu, Jean-Philippe"]
[Black "Nielsen, Viktor Haarmark"]
[Result "0-1"]
[WhiteElo "2118"]
[BlackElo "2285"]
[PlyCount "102"]
[EventDate "2018.03.27"]
[EventType "swiss"]
[EventRounds "7"]
[EventCountry "DEN"]

1. e4 e5 2. Nf3 Nc6 3. Bb5 a6 4. Ba4 Nf6 5. O-O Be7 6. Re1 b5 7. Bb3 O-O 8. h3
Bb7 9. d3 d6 10. a3 Nb8 11. Nbd2 Nbd7 12. Nf1 Nc5 13. Ba2 Bc8 14. Ng3 Re8 15.
Ng5 Ne6 16. Nxe6 Bxe6 17. Bxe6 fxe6 18. Be3 c5 19. Qe2 Rf8 20. a4 Qd7 21. Ra2
Qc6 22. Rea1 b4 23. b3 Rf7 24. Rf1 Raf8 25. Raa1 Nd7 26. Qg4 Rf6 27. Rad1 Rg6
28. Qh5 Qc8 29. Kh2 Rgf6 30. Qg4 Nb8 31. f4 exf4 32. Rxf4 Nc6 33. Rdf1 Rxf4 34.
Rxf4 Rf6 35. Rxf6 Bxf6 36. Nh5 Be5+ 37. Kg1 Qd7 38. Nf4 Bxf4 39. Qxf4 e5 40.
Qf2 Qf7 41. Qf5 Qxf5 42. exf5 Nd4 43. Bxd4 cxd4 44. Kf2 Kf7 45. Kf3 d5 46. g4
Kf6 47. Kf2 h5 48. Kf3 hxg4+ 49. hxg4 Kg5 50. Kg3 e4 51. Kh3 Kf4 0-1

[Event "Kandidatklassen"]
[Site "Svendborg"]
[Date "2018.03.28"]
[Round "2"]
[White "Brorsen, Jacob Abildlund"]
[Black "Haubro, Martin"]
[Result "1-0"]
[WhiteElo "2184"]
[BlackElo "2297"]
[PlyCount "81"]
[EventDate "2018.03.27"]
[EventType "swiss"]
[EventRounds "7"]
[EventCountry "DEN"]

1. d4 d5 2. c4 e6 3. Nc3 c6 4. Nf3 dxc4 5. a4 Bb4 6. e3 b5 7. Ne5 Bb7 8. Bd2
Bxc3 9. Bxc3 a5 10. Qg4 Kf8 11. Be2 Nf6 12. Qh3 Nbd7 13. O-O Ne4 14. f4 Kg8 15.
Be1 f5 16. Bf3 Nxe5 17. Bxe4 Nd3 18. axb5 fxe4 19. Qxe6+ Kf8 20. bxc6 Ba6 21.
Rxa5 Qe7 22. Qf5+ Qf7 23. Qh3 Qe8 24. Qf5+ Qf7 25. Qxe4 Re8 26. Qf3 Bc8 27. e4
h5 28. f5 Rh6 29. Bc3 Rxc6 30. e5 Rh6 31. e6 Qc7 32. Bd2 Rh7 33. f6 g6 34. d5
Qb6+ 35. Kh1 Bxe6 36. dxe6 Qxe6 37. Qg3 Ne5 38. Rxe5 Qxe5 39. Qxg6 Qe2 40. Bh6+
Rxh6 41. Qg7# 1-0

[Event "Kandidatklassen"]
[Site "Svendborg"]
[Date "2018.03.28"]
[Round "2"]
[White "Quinones-Maletti, Julio Guillerm"]
[Black "Schack, Asbjorn Hovgaard"]
[Result "1/2-1/2"]
[WhiteElo "2158"]
[BlackElo "2075"]
[PlyCount "52"]
[EventDate "2018.03.27"]
[EventType "swiss"]
[EventRounds "7"]
[EventCountry "DEN"]

1. e4 e6 2. d4 d5 3. Nc3 Nf6 4. Bg5 Be7 5. e5 Nfd7 6. h4 c5 7. Bxe7 Kxe7 8. f4
cxd4 9. Qxd4 Nc6 10. Qd2 a6 11. Nf3 Nc5 12. O-O-O b5 13. f5 h6 14. Qf2 Qb6 15.
Qg3 Rg8 16. Qf4 b4 17. fxe6 fxe6 18. Ne2 Ne4 19. Ned4 Nxd4 20. Nxd4 Rf8 21. Qe3
Qc7 22. Nf3 Qa5 23. Bd3 Bb7 24. Bxe4 dxe4 25. Nd2 Qxe5 26. Qb6 Bd5 1/2-1/2

[Event "Kandidatklassen"]
[Site "Svendborg"]
[Date "2018.03.28"]
[Round "2"]
[White "Hardlei, Johan"]
[Black "Nilssen, Ellen Fredericia"]
[Result "0-1"]
[WhiteElo "2188"]
[BlackElo "2007"]
[PlyCount "136"]
[EventDate "2018.03.27"]
[EventType "swiss"]
[EventRounds "7"]
[EventCountry "DEN"]

1. Nf3 Nf6 2. b3 d5 3. Bb2 e6 4. e3 c5 5. d4 Nc6 6. Bd3 a6 7. Nbd2 cxd4 8. exd4
g6 9. O-O Bg7 10. c3 O-O 11. a4 Nd7 12. Ba3 Re8 13. Bd6 e5 14. dxe5 Ndxe5 15.
Bxe5 Nxe5 16. Nxe5 Bxe5 17. Rc1 Bf4 18. Rc2 Qg5 19. Re1 Bg4 20. Be2 Qh5 21. Nf1
Qe5 22. g3 Bh6 23. Qd4 Qxd4 24. cxd4 Re4 25. Ne3 Bxe2 26. Rexe2 Rxd4 27. Red2
Bxe3 28. fxe3 Rxd2 29. Rxd2 Rd8 30. Kf2 Kg7 31. e4 d4 32. Ke2 Kf6 33. Kd3 Rd6
34. Rc2 Rb6 35. Kxd4 Rxb3 36. Rc4 Ke6 37. Rc7 Rb4+ 38. Kd3 h5 39. a5 Rb5 40.
Kd4 Rxa5 41. Rxb7 Ra4+ 42. Kd3 Ra2 43. Ke3 a5 44. h4 Ra4 45. Rb6+ Ke5 46. Rb5+
Kf6 47. Kf4 Ra1 48. Rb6+ Kg7 49. Ra6 a4 50. Kf3 a3 51. Kg2 Kf8 52. Ra7 Ke8 53.
e5 a2 54. Kh2 Kd8 55. Kg2 Kc8 56. Kh2 Kb8 57. Ra3 Kb7 58. Kg2 Kb6 59. Ra8 Kc5
60. Ra7 Kd4 61. Ra5 Ke4 62. Kh2 Kf3 63. Ra3+ Kf2 64. Ra7 Ke1 65. Ra4 Rd1 66.
Rxa2 Rd2+ 67. Rxd2 Kxd2 68. g4 Ke3 0-1

[Event "Kandidatklassen"]
[Site "Svendborg"]
[Date "2018.03.28"]
[Round "2"]
[White "Le Besq, Alexander"]
[Black "Guindy, Esmat Susanne"]
[Result "1-0"]
[WhiteElo "2050"]
[BlackElo "2169"]
[PlyCount "127"]
[EventDate "2018.03.27"]
[EventType "swiss"]
[EventRounds "7"]
[EventCountry "DEN"]

1. e4 e6 2. d4 d5 3. Nd2 Nf6 4. e5 Nfd7 5. Bd3 c5 6. c3 Nc6 7. Ne2 cxd4 8. cxd4
f6 9. Nf4 Nxd4 10. Qh5+ Ke7 11. Ng6+ hxg6 12. exf6+ Nxf6 13. Qxh8 Kf7 14. O-O
e5 15. Nb3 Nxb3 16. axb3 Bf5 17. Bxf5 gxf5 18. Bg5 Bc5 19. Qh3 Qd7 20. Bxf6
Kxf6 21. Qh4+ Kf7 22. Qh5+ Kf6 23. Qh4+ Kf7 24. Qh5+ Kg8 25. g4 f4 26. Rad1 Qe6
27. Rfe1 Bd6 28. Rd3 g6 29. Qg5 Re8 30. Rh3 Bf8 31. Rf3 e4 32. Qxf4 Bd6 33. Qg5
Be7 34. Qh6 Bf8 35. Qh4 exf3 36. Rxe6 Rxe6 37. Kf1 Bb4 38. Qd8+ Kg7 39. Qc7+
Re7 40. Qc1 Re2 41. Qc7+ Re7 42. Qc1 Ba5 43. Qd1 Re2 44. Qd4+ Kh7 45. b4 Bb6
46. Qxd5 Rxf2+ 47. Ke1 Rxb2 48. Qf7+ Kh6 49. Qf4+ Kh7 50. Qxf3 Bd4 51. Qxb7+
Bg7 52. Qe7 Ra2 53. b5 Ra5 54. Qd7 Ra2 55. h4 Ra4 56. Ke2 Kg8 57. Qe8+ Kh7 58.
Qf7 Rb4 59. h5 gxh5 60. gxh5 Kh8 61. Qe8+ Kh7 62. Qg6+ Kh8 63. h6 Bd4 64. Qe8+
1-0

[Event "Kandidatklassen"]
[Site "Svendborg"]
[Date "2018.03.29"]
[Round "3"]
[White "Schack, Asbjorn Hovgaard"]
[Black "Madsen, Michael B"]
[Result "0-1"]
[WhiteElo "2075"]
[BlackElo "2057"]
[PlyCount "168"]
[EventDate "2018.03.27"]
[EventType "swiss"]
[EventRounds "7"]
[EventCountry "DEN"]

1. d4 Nf6 2. c4 a6 3. Nc3 c5 4. d5 b5 5. cxb5 axb5 6. Nxb5 e6 7. dxe6 Qa5+ 8.
Nc3 fxe6 9. Bd2 Qb6 10. e3 d5 11. Nf3 Bd6 12. Be2 O-O 13. O-O Nc6 14. Qb3 Qxb3
15. axb3 Bd7 16. Nb5 Be7 17. Bc3 Rab8 18. Nd2 Rb7 19. g4 Rfb8 20. g5 Ne8 21. f4
Rxb5 22. Bxb5 Rxb5 23. Nf3 Rxb3 24. Ne5 Nxe5 25. Bxe5 Rb7 26. Ra8 Kf7 27. Rf2
Bd6 28. Bc3 Bb8 29. h4 Nc7 30. Ra5 Ba7 31. h5 d4 32. g6+ hxg6 33. hxg6+ Kxg6
34. Rg2+ Kf7 35. exd4 cxd4 36. Rxa7 Rxa7 37. Rxg7+ Kxg7 38. Bxd4+ Kg6 39. Bxa7
Kf5 40. Kf2 Nd5 41. Kf3 Nxf4 42. Bd4 e5 43. Bxe5 Kxe5 44. Ke3 Bc6 45. b3 Ne6
46. Kd3 Nd4 47. Kc3 Kd5 48. Kb4 Bb5 49. Kc3 Kc5 50. b4+ Kd5 51. Kd2 Kc4 52. Ke3
Bc6 53. Kf4 Nf3 54. Ke3 Bd5 55. b5 Kxb5 56. Kd3 Kb4 57. Ke3 Kc4 58. Kf4 Kd4 59.
Kf5 Ke3 60. Kf6 Ke4 61. Ke7 Ke5 62. Kd7 Nd4 63. Ke7 Nc6+ 64. Kd7 Be4 65. Kc7
Kd5 66. Kd7 Bg6 67. Kc7 Kc5 68. Kd7 Bf7 69. Kc7 Be6 70. Kb7 Bd7 71. Kc7 Be8 72.
Kc8 Kd6 73. Kb7 Na5+ 74. Kb6 Nc4+ 75. Kb7 Bd7 76. Kb8 Kc6 77. Ka7 Kc7 78. Ka6
Bc6 79. Ka7 Bb5 80. Ka8 Ba6 81. Ka7 Bc8 82. Ka8 Nd6 83. Ka7 Nb5+ 84. Ka8 Bb7#
0-1

[Event "Kandidatklassen"]
[Site "Svendborg"]
[Date "2018.03.29"]
[Round "3"]
[White "Nilssen, Ellen Fredericia"]
[Black "Hartung Nielsen, Jens"]
[Result "1/2-1/2"]
[WhiteElo "2007"]
[BlackElo "2204"]
[PlyCount "50"]
[EventDate "2018.03.27"]
[EventType "swiss"]
[EventRounds "7"]
[EventCountry "DEN"]

1. d4 Nf6 2. c4 e6 3. Nc3 Bb4 4. e3 d5 5. Bd3 O-O 6. Nge2 Re8 7. O-O a6 8. cxd5
exd5 9. a3 Bd6 10. Nf4 Bxf4 11. exf4 Nc6 12. Bc2 Ne7 13. f3 h5 14. Be3 Bf5 15.
Ba4 c6 16. Qd2 Nc8 17. Bd1 Nd6 18. b3 b5 19. Bf2 Bd7 20. Ra2 Qb6 21. Re1 Rxe1+
22. Qxe1 Re8 23. Re2 Rxe2 24. Nxe2 Nf5 25. Bc2 Qd8 1/2-1/2

[Event "Kandidatklassen"]
[Site "Svendborg"]
[Date "2018.03.29"]
[Round "3"]
[White "Easwaralingam, Adesh"]
[Black "Murtuzov, Rauf"]
[Result "0-1"]
[WhiteElo "1991"]
[BlackElo "2154"]
[PlyCount "76"]
[EventDate "2018.03.27"]
[EventType "swiss"]
[EventRounds "7"]
[EventCountry "DEN"]

1. e4 c6 2. d4 d5 3. e5 Bf5 4. Nf3 e6 5. Be2 Nd7 6. O-O Bg6 7. a4 Rc8 8. a5 a6
9. c4 Be7 10. Nc3 Nh6 11. h3 Nf5 12. g4 Nh4 13. Nxh4 Bxh4 14. f4 f5 15. Qb3 Rc7
16. Nd1 Nb8 17. Ne3 O-O 18. Bd2 Kh8 19. Rac1 dxc4 20. Nxc4 Be7 21. Be3 Qd5 22.
Qb6 Rfc8 23. Qb3 fxg4 24. hxg4 c5 25. dxc5 Bxc5 26. Rcd1 Qe4 27. Bxc5 Qxe2 28.
Rd2 Qxg4+ 29. Rg2 Qh5 30. Nd6 Rxc5 31. Nxc8 Rxc8 32. Qxb7 Rf8 33. Rg5 Qe2 34.
Rf2 Qd1+ 35. Rf1 Qd4+ 36. Rf2 Nd7 37. Qxa6 Nc5 38. f5 Nxa6 0-1

[Event "Kandidatklassen"]
[Site "Svendborg"]
[Date "2018.03.29"]
[Round "3"]
[White "Nielsen, Viktor Haarmark"]
[Black "Le Besq, Alexander"]
[Result "1-0"]
[WhiteElo "2285"]
[BlackElo "2050"]
[PlyCount "183"]
[EventDate "2018.03.27"]
[EventType "swiss"]
[EventRounds "7"]
[EventCountry "DEN"]

1. Nf3 c5 2. c4 g6 3. d4 cxd4 4. Nxd4 Bg7 5. e4 Nc6 6. Nc2 Nf6 7. Nc3 O-O 8.
Be2 b6 9. O-O Bb7 10. Be3 Rc8 11. f3 Na5 12. b3 Qc7 13. Nd4 d6 14. Rc1 Nc6 15.
Qd2 Nxd4 16. Bxd4 Rfd8 17. Rfd1 h5 18. a4 Ne8 19. Be3 Bc6 20. Bf1 Qb7 21. Ne2
Nc7 22. Nd4 Bd7 23. Qa2 Ne6 24. Nc2 Nc5 25. Nb4 Be6 26. Nd5 Re8 27. b4 Nd7 28.
a5 Kf8 29. axb6 axb6 30. Qf2 Bxd5 31. Rxd5 Rc6 32. Rb5 Qc7 33. Rd5 Qa7 34. Ra5
Qb7 35. Ra4 Rec8 36. Rd1 Kg8 37. Qa2 Rb8 38. Rd5 Qc8 39. Ra6 Ne5 40. b5 Nxc4
41. bxc6 Nxe3 42. Bb5 Nxd5 43. Qxd5 Qd8 44. Ra7 Rc8 45. Rd7 Qf8 46. c7 e6 47.
Qg5 Bd4+ 48. Kf1 Rxc7 49. Rxc7 Qa8 50. Rc2 Qa5 51. g3 Kg7 52. Kg2 Bf6 53. Qd2
Qxb5 54. Qxd6 Qb1 55. Rc8 Kh6 56. Qf8+ Bg7 57. Qxf7 Qe1 58. Rc2 Qb1 59. Qf4+
Kh7 60. Qc1 Qb5 61. Qf1 Qe5 62. Qe2 b5 63. f4 Qb8 64. e5 b4 65. Qc4 Qa8+ 66.
Qc6 Qa3 67. Qd7 Qa8+ 68. Qc6 Qa3 69. Qd7 Qe3 70. Qd2 Qe4+ 71. Kg1 Bf8 72. Rc8
Kg8 73. Kf2 Qb7 74. Qd8 Qa7+ 75. Kf3 Qb7+ 76. Ke3 Qa7+ 77. Kd3 Qa6+ 78. Ke3
Qa7+ 79. Kf3 Qb7+ 80. Kf2 Qa7+ 81. Kg2 Qb7+ 82. Kh3 Qf7 83. Qf6 Qxf6 84. exf6
Kf7 85. Kh4 Bd6 86. Rd8 Bc5 87. Kg5 e5 88. fxe5 Be3+ 89. Kh4 b3 90. Rd7+ Kf8
91. e6 b2 92. Rd8# 1-0

[Event "Kandidatklassen"]
[Site "Svendborg"]
[Date "2018.03.29"]
[Round "3"]
[White "Rostgaard, Tobias Valentin"]
[Black "Jorgensen, Brian Jorgen"]
[Result "1/2-1/2"]
[WhiteElo "2335"]
[BlackElo "2239"]
[PlyCount "129"]
[EventDate "2018.03.27"]
[EventType "swiss"]
[EventRounds "7"]
[EventCountry "DEN"]

1. d4 e6 2. Nf3 Nf6 3. c4 d5 4. g3 Bb4+ 5. Bd2 Be7 6. Bg2 O-O 7. O-O Nbd7 8.
Nc3 c6 9. Bf4 b6 10. Rc1 Bb7 11. cxd5 exd5 12. Ne5 Nxe5 13. dxe5 Nh5 14. Bd2 g6
15. Bh6 Ng7 16. Qd2 Re8 17. g4 Bc5 18. e4 d4 19. Ne2 Qe7 20. a3 a5 21. Kh1 Ba6
22. f4 Qh4 23. Bxg7 Kxg7 24. Bf3 Qe7 25. Kg2 Rac8 26. Rh1 Bxe2 27. Bxe2 g5 28.
fxg5 Qxe5 29. Bd3 Be7 30. h4 Bd6 31. Qf2 c5 32. Qf6+ Qxf6 33. gxf6+ Kxf6 34.
Rhf1+ Kg7 35. g5 Be5 36. Bc4 Rc7 37. Rf3 Ree7 38. b3 h6 39. gxh6+ Kxh6 40. Kf2
f6 41. Rf5 Rg7 42. Be2 Rg6 43. Bh5 Rg8 44. Be2 Rg6 45. Rh5+ Kg7 46. Bc4 Rc8 47.
a4 Rh8 48. Rxh8 Kxh8 49. Rg1 Rxg1 50. Kxg1 Bg3 51. h5 Kg7 52. Kg2 Be1 53. Kf3
Kh6 54. Kg4 Bc3 55. Be2 Be1 56. Kf5 Bh4 57. Ke6 d3 58. Bd1 Kg5 59. Kd5 Bf2 60.
Kc4 Bd4 61. Kxd3 f5 62. exf5 Kxf5 63. Kc4 Be3 64. Kb5 Bd2 65. Kxb6 1/2-1/2

[Event "Kandidatklassen"]
[Site "Svendborg"]
[Date "2018.03.29"]
[Round "3"]
[White "Jaksland, Tim"]
[Black "Thybo, Thomas Sondergaard"]
[Result "1-0"]
[WhiteElo "2168"]
[BlackElo "2071"]
[PlyCount "113"]
[EventDate "2018.03.27"]
[EventType "swiss"]
[EventRounds "7"]
[EventCountry "DEN"]

1. Nf3 d5 2. c4 e6 3. g3 Nf6 4. Bg2 dxc4 5. Qa4+ Nbd7 6. Qxc4 c5 7. Qb3 Be7 8.
O-O O-O 9. Nc3 a6 10. a4 c4 11. Qxc4 b5 12. Qa2 Bb7 13. d3 b4 14. Nd1 Rc8 15.
Ne3 Nd5 16. Nd4 N7f6 17. Nc4 Bc5 18. Nf3 Ba8 19. Nfe5 Rc7 20. Bd2 Qb8 21. Qb3
Rfc8 22. Rac1 h6 23. e3 Nd7 24. Nxd7 Rxd7 25. d4 Be7 26. Ne5 Rdc7 27. Rxc7 Rxc7
28. Rc1 a5 29. Rxc7 Qxc7 30. Qc4 Qxc4 31. Nxc4 Bd8 32. e4 Nf6 33. f3 g5 34. Kf2
g4 35. Ke3 gxf3 36. Bxf3 h5 37. h3 Bc7 38. Be1 Bc6 39. b3 Kg7 40. Ne5 Bb7 41.
Nd3 Kh6 42. Ne5 Kg7 43. g4 hxg4 44. hxg4 Nh7 45. Bh4 Nf8 46. Be7 f6 47. Nc4 Nd7
48. Bd6 Bd8 49. d5 exd5 50. exd5 Ba6 51. Kd4 Nb6 52. Nxb6 Bxb6+ 53. Bc5 Bd8 54.
d6 Kf7 55. Bd5+ Kg6 56. Be6 Bb7 57. Ba7 1-0

[Event "Kandidatklassen"]
[Site "Svendborg"]
[Date "2018.03.29"]
[Round "3"]
[White "Rossen, Claus"]
[Black "Brorsen, Jacob Abildlund"]
[Result "1/2-1/2"]
[WhiteElo "2200"]
[BlackElo "2184"]
[PlyCount "121"]
[EventDate "2018.03.27"]
[EventType "swiss"]
[EventRounds "7"]
[EventCountry "DEN"]

1. e4 e5 2. Nf3 Nc6 3. d4 exd4 4. Nxd4 Bc5 5. Be3 Qf6 6. Nb5 Bxe3 7. fxe3 Qh4+
8. g3 Qxe4 9. Nxc7+ Kd8 10. Nxa8 Qxh1 11. Qd6 Nf6 12. Nd2 Qxh2 13. O-O-O Ne8
14. Qf4 Qh6 15. Qxf7 Nd6 16. Qd5 Re8 17. Kb1 Qe6 18. Qh5 b6 19. Nf3 h6 20. Bh3
Qf6 21. Qd5 Rxe3 22. Bg4 Ne5 23. Nxe5 Qxe5 24. Qxe5 Rxe5 25. Rxd6 Re1+ 26. Rd1
Rxd1+ 27. Bxd1 Bb7 28. Nxb6 axb6 29. c4 Be4+ 30. Kc1 d5 31. cxd5 Bxd5 32. a4
Ke7 33. Kd2 Kd6 34. b4 Ke5 35. Ke3 Bc4 36. Bf3 Ba6 37. Be4 Bc8 38. a5 bxa5 39.
bxa5 g5 40. g4 Ba6 41. Bd3 Bc8 42. Be2 Bb7 43. Kd3 Ba6+ 44. Kd2 Bc8 45. Kc3 Kd5
46. Kb4 Kd6 47. Kb5 Kc7 48. Bf3 Bd7+ 49. Kc5 Bc8 50. Bd5 Bxg4 51. a6 Bc8 52. a7
Bb7 53. a8=Q Bxa8 54. Bxa8 g4 55. Kd4 Kd6 56. Ke4 Ke6 57. Kf4 h5 58. Kg5 Ke5
59. Kxh5 g3 60. Kh4 g2 61. Bxg2 1/2-1/2

[Event "Kandidatklassen"]
[Site "Svendborg"]
[Date "2018.03.29"]
[Round "3"]
[White "Brondt, Nicolai Kvist"]
[Black "Aabling Thomsen, Jakob"]
[Result "0-1"]
[WhiteElo "2180"]
[BlackElo "2360"]
[PlyCount "124"]
[EventDate "2018.03.27"]
[EventType "swiss"]
[EventRounds "7"]
[EventCountry "DEN"]

1. d4 g6 2. e4 Bg7 3. c4 d6 4. Nc3 Nf6 5. Nf3 O-O 6. h3 c5 7. d5 e6 8. Bd3 exd5
9. exd5 Re8+ 10. Be3 a6 11. O-O Nbd7 12. Bf4 Nh5 13. Bh2 Ne5 14. Nxe5 dxe5 15.
Be2 Nf4 16. Bf3 f5 17. Bxf4 exf4 18. Re1 Rxe1+ 19. Qxe1 Qd6 20. Qe8+ Bf8 21.
Re1 Rb8 22. Qe5 Bd7 23. Qxd6 Bxd6 24. a4 Kf7 25. Bd1 b6 26. Bc2 Kf6 27. Ra1 Ke5
28. Re1+ Kf6 29. Ra1 Ke7 30. Bd3 Be5 31. Kf1 Kd6 32. Ke2 g5 33. Kd2 h5 34. f3
Bd4 35. Kc2 Be5 36. a5 Bxc3 37. bxc3 bxa5 38. Rxa5 Bc8 39. Kc1 Ra8 40. Kd2 Bd7
41. Bc2 Kc7 42. Ra2 a5 43. Ba4 Bxa4 44. Rxa4 g4 45. hxg4 fxg4 46. fxg4 hxg4 47.
Kd3 Kb6 48. Ke4 Rf8 49. Ra1 f3 50. gxf3 gxf3 51. Rf1 Kc7 52. Rf2 Kd6 53. Ke3
Ke5 54. Rf1 f2 55. Kd3 a4 56. Kc2 Ke4 57. Kb2 Ke3 58. Ka3 Ke2 59. Rxf2+ Kxf2
60. Kxa4 Rb8 61. d6 Ke3 62. d7 Kd3 0-1

[Event "Kandidatklassen"]
[Site "Svendborg"]
[Date "2018.03.29"]
[Round "3"]
[White "Jacobsen, Mikkel Manosri"]
[Black "Laursen, Niels Norskov"]
[Result "1/2-1/2"]
[WhiteElo "2162"]
[BlackElo "2304"]
[PlyCount "43"]
[EventDate "2018.03.27"]
[EventType "swiss"]
[EventRounds "7"]
[EventCountry "DEN"]

1. d4 d6 2. Nf3 Nf6 3. c4 g6 4. Nc3 Bg7 5. Bg5 O-O 6. e3 h6 7. Bh4 c5 8. d5 e6
9. Nd2 exd5 10. cxd5 Na6 11. Be2 Nc7 12. O-O a6 13. a4 Rb8 14. a5 Bd7 15. Qb3
Qe7 16. Rae1 b5 17. axb6 Na8 18. Nc4 Nxb6 19. Na5 Na4 20. Qa3 Rb4 21. Bxf6 Qxf6
22. Nc6 1/2-1/2

[Event "Kandidatklassen"]
[Site "Svendborg"]
[Date "2018.03.29"]
[Round "3"]
[White "Petersen, Steen"]
[Black "Moe, Mogens"]
[Result "0-1"]
[WhiteElo "2122"]
[BlackElo "2218"]
[PlyCount "130"]
[EventDate "2018.03.27"]
[EventType "swiss"]
[EventRounds "7"]
[EventCountry "DEN"]

1. e4 c5 2. Nf3 e6 3. d4 cxd4 4. Nxd4 Nc6 5. Nc3 Qc7 6. Be3 a6 7. Qd2 Nf6 8.
O-O-O b5 9. Nxc6 Qxc6 10. f3 Bb7 11. Kb1 Bb4 12. Bd4 Rc8 13. Bd3 Qd6 14. Bxf6
gxf6 15. Qh6 Bxc3 16. bxc3 Qe5 17. f4 Qxc3 18. f5 Ke7 19. fxe6 dxe6 20. Rhf1
Rhg8 21. Qd2 Qd4 22. e5 f5 23. g3 Rcd8 24. Rf4 Qc5 25. Rdf1 Bd5 26. Qb4 Qxb4+
27. Rxb4 Rb8 28. Rh4 Rg7 29. Kb2 f6 30. exf6+ Kxf6 31. g4 Bc4 32. gxf5 Bxd3 33.
cxd3 exf5 34. Rh6+ Ke5 35. d4+ Kxd4 36. Rxf5 Rg2+ 37. Kb3 Re8 38. Rd6+ Ke4 39.
Rf1 Re5 40. Rxa6 Rh5 41. Raf6 Rh3+ 42. Kb4 Rb2+ 43. Kc5 Rhxh2 44. Re1+ Kd3 45.
Rf3+ Kc2 46. a3 h5 47. Ree3 Rg2 48. Rc3+ Kb1 49. Rf5 h4 50. Rh5 Rg3 51. Rxg3
hxg3 52. Rg5 Rb3 53. Rg4 Kb2 54. a4 bxa4 55. Rxa4 Kc3 56. Kd5 Kd3 57. Ke5 Ke3
58. Re4+ Kf3 59. Rf4+ Kg2 60. Rc4 Kh3 61. Rc8 g2 62. Rh8+ Kg3 63. Rg8+ Kf2 64.
Rf8+ Rf3 65. Ke4 Rxf8 0-1